[Event "Muensterland op"]
[Site "Senden"]
[Date "2010.10.23"]
[Round "9.4"]
[White "Hausrath, Daniel"]
[Black "Stöckmann, Helmut"]
[Result "1-0"]
[WhiteElo "2537"]
[BlackElo "2174"]
[PlyCount "85"]
[EventDate "2010.??.??"]

1. Nf3 Nf6 2. g3 g6 3. b3 Bg7 4. Bb2 O-O 5. Bg2 d5 6. O-O Nbd7 7. c4 c6 8. Qc2
e6 9. d3 Re8 10. Nbd2 Nh5 11. Bxg7 Nxg7 12. e4 Nf6 13. d4 dxe4 14. Nxe4 Nxe4
15. Qxe4 Nh5 16. Rfe1 Bd7 17. Ne5 Qe7 18. Re3 Rad8 19. c5 Bc8 20. Nc4 Rf8 21.
Nd6 Nf6 22. Qd3 Ne8 23. Nc4 Nc7 24. a4 Qf6 25. Rd1 Qg7 26. h4 h5 27. Re5 Ne8
28. Qe2 Nf6 29. Bf3 Rfe8 30. b4 a6 31. b5 axb5 32. axb5 cxb5 33. Nd6 Re7 34.
Qxb5 Nd7 35. Re3 Qf8 36. Ra1 Nf6 37. Ra8 Rc7 38. Qb6 Rcd7 39. Rea3 Kg7 40. R3a7
Ne8 41. Rxc8 Nxd6 42. Rxd8 Rxd8 43. cxd6 1-0

[Event "Muensterland op"]
[Site "Senden"]
[Date "2010.10.23"]
[Round "9.5"]
[White "Schulze, Ulrich"]
[Black "Harff, Marcel"]
[Result "1/2-1/2"]
[WhiteElo "2332"]
[BlackElo "2162"]
[PlyCount "47"]
[EventDate "2010.??.??"]

1. Nf3 c5 2. c4 g6 3. Nc3 Bg7 4. g3 Nc6 5. Bg2 d6 6. O-O e5 7. Ne1 Nge7 8. Nc2
Be6 9. Ne3 O-O 10. a3 Qd7 11. Rb1 Bh3 12. d3 Bxg2 13. Kxg2 f5 14. Ncd5 Nxd5 15.
Nxd5 Ne7 16. Nxe7+ Qxe7 17. e4 Qe6 18. Qe2 f4 19. f3 g5 20. g4 h5 21. h3 Rf7
22. b4 Bf6 23. Bd2 Kg7 24. Qd1 1/2-1/2

[Event "Muensterland op"]
[Site "Senden"]
[Date "2010.10.23"]
[Round "9.6"]
[White "Sazanov, Nikolay"]
[Black "Steinle, Carsten"]
[Result "0-1"]
[WhiteElo "2220"]
[BlackElo "2150"]
[PlyCount "70"]
[EventDate "2010.??.??"]

1. d4 Nf6 2. e3 d5 3. Bd3 b6 4. c3 e6 5. Nd2 Be7 6. f4 Bb7 7. Ngf3 Nbd7 8. Ne5
Qc8 9. Qf3 Ba6 10. Bc2 c5 11. Qg3 g6 12. Qh3 Qb7 13. Qf3 Rc8 14. g4 Nxe5 15.
fxe5 Nd7 16. h4 f6 17. exf6 Nxf6 18. g5 Nh5 19. Qg4 Qd7 20. Nf3 Bd6 21. dxc5
Bg3+ 22. Kd2 O-O 23. a4 Rxf3 24. Qxf3 Rf8 25. Qxf8+ Kxf8 26. Bd3 Bxd3 27. Kxd3
bxc5 28. Bd2 Qb7 29. b4 c4+ 30. Kc2 Be5 31. Rhf1+ Ke8 32. b5 Ng3 33. Rfb1 Qf7
34. e4 Qf3 35. Rd1 Nxe4 0-1

[Event "Muensterland op"]
[Site "Senden"]
[Date "2010.10.23"]
[Round "9.7"]
[White "Hassenrück, Helmut"]
[Black "Müller, Dr. Martin"]
[Result "1-0"]
[WhiteElo "2184"]
[BlackElo "2071"]
[PlyCount "41"]
[EventDate "2010.??.??"]

1. d4 Nf6 2. Nf3 c5 3. d5 b5 4. Bg5 Bb7 5. Bxf6 gxf6 6. e4 Qb6 7. Nbd2 f5 8. a4
fxe4 9. Nxe4 a6 10. a5 Qc7 11. c4 Bg7 12. Qc2 bxc4 13. Bxc4 d6 14. Nh4 Bc8 15.
O-O Qd7 16. Rfc1 Kf8 17. Ra3 Qg4 18. g3 Rg8 19. Be2 Qd7 20. Bh5 Bh6 21. Rf3 1-0

[Event "Muensterland op"]
[Site "Senden"]
[Date "2010.10.23"]
[Round "9.10"]
[White "van Ackeren, Franz"]
[Black "Terhorst, Jochen"]
[Result "1/2-1/2"]
[WhiteElo "2107"]
[BlackElo "2185"]
[PlyCount "30"]
[EventDate "2010.??.??"]

1. Nf3 c5 2. b3 Nf6 3. Bb2 e6 4. e3 d6 5. d4 Nbd7 6. c4 b6 7. Nc3 a6 8. d5 e5
9. Bd3 g6 10. h3 Bg7 11. Qc2 b5 12. cxb5 Qa5 13. Nd2 O-O 14. O-O axb5 15. Bxb5
Bb7 1/2-1/2